| 000 | 00660cam a2200229 i 4500 | ||
|---|---|---|---|
| 001 | 125072 | ||
| 005 | 20230410130825.0 | ||
| 008 | 170601s1998 enka 000 0 eng | ||
| 020 | _a9780749397050 | ||
| 041 | 0 | _aeng | |
| 050 | 1 | 4 |
_aPQ 4865 _bE19n 1998 |
| 100 | 1 |
_aEco, Umberto, _d1932- |
|
| 245 | 1 | 4 |
_aThe name of the Rose / _cUmberto Eco; translated from the italian by Willian Weaver. |
| 260 |
_aLondon : _bVintage Books , _c1998 |
||
| 300 |
_a541 p.: _bill. ; _c20 cm |
||
| 500 | _aTranslated from the italian by William Weaver | ||
| 650 | 0 | _aLiterature | |
| 650 | 0 | _aNovel | |
| 700 | 1 |
_aWeaver, William, _etrad. |
|
| 942 |
_2lcc _cbk |
||
| 946 | _advf | ||
| 999 |
_c81055 _d81055 |
||